| 000 | 01939nam a2200445Ia 4500 | ||
|---|---|---|---|
| 001 | ebr10171484 | ||
| 003 | CaPaEBR | ||
| 006 | m u | ||
| 007 | cr cn||||||||| | ||
| 008 | 061013s2007 nyu sb 001 0 eng d | ||
| 010 | _z 2006050875 | ||
| 020 | _z1403968446 (alk. paper) | ||
| 040 |
_aCaPaEBR _cCaPaEBR |
||
| 035 | _a(OCoLC)568019282 | ||
| 050 | 1 | 4 |
_aLC2036 _b.W65 2007eb |
| 082 | 0 | 4 |
_a378.1/982 _222 |
| 245 | 0 | 0 |
_aWomen, universities, and change _h[electronic resource] : _bgender equality in the European Union and the United States / _cedited by Mary Ann Danowitz Sagaria. |
| 246 | 3 | 0 | _aGender equality in the European Union and the United States |
| 260 |
_aNew York : _bPalgrave Macmillan, _c2007. |
||
| 300 | _axvi, 228 p. | ||
| 490 | 1 | _aIssues in higher education | |
| 504 | _aIncludes bibliographical references and index. | ||
| 533 |
_aElectronic reproduction. _bPalo Alto, Calif. : _cebrary, _d2009. _nAvailable via World Wide Web. _nAccess may be limited to ebrary affiliated libraries. |
||
| 650 | 0 |
_aWomen _xEducation (Higher) _zEurope. |
|
| 650 | 0 |
_aWomen _xEducation (Higher) _zUnited States. |
|
| 650 | 0 |
_aWomen college teachers _zEurope. |
|
| 650 | 0 |
_aWomen college teachers _zUnited States. |
|
| 650 | 0 |
_aWomen college administrators _zEurope. |
|
| 650 | 0 |
_aWomen college administrators _zUnited States. |
|
| 650 | 0 |
_aEducation, Higher _zEurope _xAdministration. |
|
| 650 | 0 |
_aEducation, Higher _zUnited States _xAdministration. |
|
| 650 | 0 |
_aSex discrimination in higher education _zEurope. |
|
| 650 | 0 |
_aSex discrimination in higher education _zUnited States. |
|
| 650 | 0 | _aFeminism and education. | |
| 655 | 7 |
_aElectronic books. _2local |
|
| 700 | 1 | _aSagaria, Mary Ann Danowitz. | |
| 710 | 2 | _aebrary, Inc. | |
| 830 | 0 | _aIssues in higher education. | |
| 856 | 4 | 0 |
_uhttp://site.ebrary.com/lib/rucke/Doc?id=10171484 _zAn electronic book accessible through the World Wide Web; click to view |
| 999 |
_c248713 _d248713 |
||